| 000 | 00722cam a22002531 4500 | ||
|---|---|---|---|
| 001 | 15294 | ||
| 003 | BD-RjUL | ||
| 005 | 20211208235804.0 | ||
| 008 | 140209s1963 enka 000 0 eng | ||
| 035 | _a(BD-RjUL)15348 | ||
| 035 | _a(OCoLC)5705439 | ||
| 040 |
_aDLC _cNBuU _dOCoLC _dUk _dDLC _dBD-RjUL _beng |
||
| 041 | _aeng | ||
| 082 |
_a658.4 _bBAF 1963 |
||
| 100 | 1 |
_aBarry, W. S. _922023 |
|
| 245 | 1 | 4 |
_aThe fundamentals of management / _cW. S. Barry. |
| 260 |
_aLondon : _bAllen & Unwin, _cc1963. |
||
| 300 |
_a219 p. : _bdiagrs. ; _c22 cm. |
||
| 650 | 0 |
_aIndustrial management. _947541 |
|
| 942 |
_2ddc _cBK |
||
| 999 |
_c15294 _d15294 |
||